| 000 | 00800nam a2200253 i 4500 | ||
|---|---|---|---|
| 003 | DO-SdBNP | ||
| 005 | 20230519113039.0 | ||
| 006 | a||||gr|||| 00| 0 | ||
| 007 | ta | ||
| 008 | 230518e2023 dr gr|||| 001 edspa d | ||
| 020 | _a9789945635782 | ||
| 040 |
_aDO-SdBNP _bspa _cBNPHU _erda |
||
| 082 | 4 |
_222 _aP438d |
|
| 100 | 1 |
_922035 _aPérez, Victorino |
|
| 245 | 1 | 0 |
_aDeja que el río fluya: _b22 sermones para edificar la iglesia. / _cVíctor Pérez. |
| 246 | 1 | 1 |
_aDeja que el río fluya: _bveintidos sermones para edificar la iglesia |
| 264 | 3 | 1 |
_aSanto Domingo : _bSantuario, _c2023 |
| 300 |
_a234 páginas : _c22 cm |
||
| 336 |
_2rdaconten _atexto _btxt |
||
| 337 |
_2rdamedia _asin medición _bn |
||
| 338 |
_2rdacarrier _avolumen _bnc |
||
| 590 | _aInventariado 2023 / MF | ||
| 942 |
_2ddc _cLBS1 |
||
| 999 |
_c53563 _d53563 |
||